| 000 | 00663 a2200157 4500 | ||
|---|---|---|---|
| 003 | Nust | ||
| 005 | 20170207154036.0 | ||
| 020 | _a1596822090 | ||
| 040 | _cNust | ||
| 245 | _aUbuntu Server Guide(E-BOOK) | ||
| 260 |
_bCanonical _c2010 |
||
| 300 | _avi, 281p | ||
| 505 | _aIntroduction (Page-1) Installation (Page-3) Package Management (Page-17) Networking (Page-29) Remote Administration (Page-47) Network Authentication (Page-54) Domain Name Service (DNS) (Page-92) Monitoring (Page-130) File Servers (Page-169) Windows Networking (Page-220) Backups (Page-240) VPN (Page-285) Other Useful Applications (Page-290) | ||
| 650 | _aUbuntu Server Guide | ||
| 651 | _aE-BOOK | ||
| 942 |
_2ddc _cBK |
||
| 999 |
_c192401 _d192401 |
||